Poissons - Mort subite - Statistiques

Statistiques générales
  • Ce quiz a été pris 381 fois
  • Le résultat moyen est 6 sur 15
Answers on the Grid
Answers color-coded by a green-red scale on the quiz's grid according to % correct below.
Anguille
Béluga
Axolotl
Morue
Astérie
Omble
Barracuda
Loup
Spatule
Dauphin
Chinchard
Torpille
Combattant
Viscache
Nandou
Rascasse
Patineur
Cachalot
Lamproie
Ormeau
Carassin
Crotale
Napoléon
Mainate
Cardeau
Lamantin
Saïmiri
Blobfish
Sandre
Narval
 
Statistiques - réponses
Réponse % Correct
Anguille
84%
Morue
69%
Barracuda
61%
Loup
43%
Rascasse
42%
Blobfish
40%
Lamproie
38%
Napoléon
36%
Omble
36%
Sandre
35%
Combattant
34%
Chinchard
27%
Carassin
23%
Torpille
19%
Cardeau
14%
Aucun quiz correspondant
Distribution des résultats
% des personnes avec chaque résultat
Percentile par nombre de réponses
Votre historique - résultats
Vous n’avez pas pris ce quiz